[Event "RB-2014-0-00265"]
[Site "LSS email"]
[Date "2014.11.12"]
[Round "?"]
[White "Bellanger, Michel"]
[Black "Hatsek, Werner"]
[Result "1/2-1/2"]
[WhiteElo "1926"]
[BlackElo "1910"]
[PlyCount "90"]
[EventDate "2014.09.25"]
[EventType "tourn (corr)"]
[EventRounds "6"]
[EventCountry "GER"]
[SourceTitle "Corr 2015"]
[Source "ChessBase"]
[SourceDate "2015.07.17"]
[SourceVersion "1"]
[SourceVersionDate "2015.07.17"]
[SourceQuality "1"]

1. e4 c5 2. Nf3 d6 3. d4 cxd4 4. Nxd4 Nf6 5. Nc3 Nc6 6. f3 e5 7. Nb3 Be6 8. Nd5 Be7 9. Be3 0-0 10. c3 Bxd5 11. exd5 Na5 12. Qd3 Rc8 13. Qb5 b6 14. 0-0-0 Nb7 15. Kb1 Nc5 16. Qe2 a5 17. Qc2 Qd7 18. g4 a4 19. Nxc5 bxc5 20. h4 Rb8 21. Bc1 Rb6 22. Ka1 Rfb8 23. Rh2 a3 24. b3 R6b7 25. Bxa3 Ra7 26. Bc1 Rba8 27. Bc4 Qc8 28. Kb1 h5 29. g5 Rxa2 30. Qxa2 Rxa2 31. Rxa2 Nd7 32. Ba6 Qb8 33. Kc2 Nb6 34. Ra1 Qc7 35. Bd3 c4 36. bxc4 Nxc4 37. g6 fxg6 38. Bxg6 Bd8 39. Ra4 Nb6 40. Rb4 Qa7 41. Kb1 Qc7 42. Rd3 Nd7 43. Bxh5 g5 44. Bg6 gxh4 45. Bf5 Kf7 1/2-1/2

[Event "WC-2014-Q-00013"]
[Site "LSS email"]
[Date "2014.11.12"]
[Round "?"]
[White "Bellanger, Michel"]
[Black "Raffaele, Enzo"]
[Result "1/2-1/2"]
[WhiteElo "1908"]
[BlackElo "2213"]
[PlyCount "105"]
[EventDate "2014.11.20"]
[EventType "tourn (corr)"]
[EventRounds "12"]
[EventCountry "GER"]
[SourceTitle "Corr 2022"]
[Source "ChessBase"]
[SourceDate "2021.10.24"]
[SourceVersion "1"]
[SourceVersionDate "2021.10.24"]
[SourceQuality "1"]

1. d4 Nf6 2. c4 g6 3. Nc3 Bg7 4. e4 d6 5. Be2 0-0 6. Nf3 e5 7. dxe5 dxe5 8. Bg5 Nbd7 9. 0-0 c6 10. Qd6 Re8 11. Rad1 Qb6 12. Rb1 Qc5 13. Qc7 Qf8 14. Be3 Ng4 15. Bc1 a5 16. Na4 Bf6 17. Bg5 Bxg5 18. Nxg5 Ngf6 19. Rfd1 h6 20. Nf3 Kg7 21. Nd2 Qb4 22. b3 Nc5 23. a3 Qxa3 24. Qd6 Nfd7 25. Bg4 Qb4 26. Nf1 Nxa4 27. Qxb4 axb4 28. Bxd7 Bxd7 29. bxa4 Be6 30. Rxb4 c5 31. Rxb7 Rxa4 32. Ne3 Bxc4 33. Nxc4 Rd8 34. Ne3 Rxd1+ 35. Nxd1 Ra1 36. Rd7 c4 37. Kf1 c3 38. Rc7 Rxd1+ 39. Ke2 Rc1 40. h4 c2 41. g3 h5 42. Rc3 f5 43. exf5 gxf5 44. f4 exf4 45. gxf4 Kf7 46. Rc4 Ke6 47. Kd3 Rh1 48. Rxc2 Rxh4 49. Ke3 Rh1 50. Rc8 h4 51. Re8+ Kf7 52. Rh8 Kg7 53. Rh5 1/2-1/2